00970aab a2200181 4500001001000000003001000010005001700020008004100037022001400078040004100092041000800133100004600141245008800187300006100275520033700336653002400673773009100697768714001CO-MdFUSB20240605144233.0170509s1993 cr ||||| |||| 00| 0 spa d a1409-1968 aCO-MdFUSBbspacCO-MdFUSBdCO-MdFUSB aspa1 aDeiros, Pablo A. (Alberto) (1945-)eautor10aUna guerra de mil años y las contradicciones de su teologíac/ Pablo A. Deiros aVolumen 10. Número 5 (1993), páginas 32-34c: 27 cm. aDurante varios siglos, los cristianos ibéricos se vieron comprometidos en una encarnizada lucha por la recuperación de sus territorios perdidos en manos de los musulmanes. En este proceso la lucha armada estuvo teñida de un profundo contenido religioso. Se combatía por reconquistar la tierra y por afirmar la fe católica. aGuerra y teología0 tApuntes Pastorales049442gVolumen 10. Número 5 (1993), páginas 32-34qPágina 32